Gay Sex A manual for men who love men. Revised and updated
Uloženo v:
| Hlavní autor: | |
|---|---|
| Další autoři: | |
| Médium: | Kniha |
| Jazyk: | angličtina |
| Vydáno: |
Los Angeles
Alyson Books
1998
|
| Tagy: |
Žádné tagy, Buďte první, kdo vytvoří štítek k tomuto záznamu!
|
MARC
| LEADER | 00000nam a2200000 4500 | ||
|---|---|---|---|
| 005 | 20241120164909.0 | ||
| 008 | 241120b |||||||| |||| 00| 0 eng d | ||
| 020 | |a 155583468X | ||
| 040 | |c GP | ||
| 100 | |a Hart, Jack | ||
| 245 | |a Gay Sex |b A manual for men who love men. Revised and updated | ||
| 260 | |a Los Angeles |b Alyson Books |c 1998 | ||
| 700 | |a Kent | ||
| 942 | |2 ddc |c BK |n 0 | ||
| 952 | |0 0 |1 0 |2 ddc |4 0 |6 810_000000000000000_HAR |7 1 |9 2187 |a RM |b RM |d 2024-11-20 |l 0 |o 810 HAR |p 740 |r 2024-11-20 16:49:38 |w 2024-11-20 |y BK | ||
| 999 | |c 1928 |d 1928 | ||